Star Wars: Andor Episodes - Statistics

General Stats
  • This quiz has been taken 77 times
  • The average score is 11 of 24
Answer Stats
Hint Answer % Correct
1 One Way Out
77%
1 Rix Road
67%
1 Kassa
63%
1 The Eye
62%
1 Aldhani
60%
1 Narkina 5
60%
2 Jedha, Kyber, Erso
58%
2 Welcome to the Rebellion
56%
2 Who Are You?
56%
1 Nobody's Listening!
52%
1 Daughter of Ferrix
44%
2 Make It Stop
44%
2 One Year Later
44%
1 The Axe Forgets
44%
1 Announcement
40%
2 Ever Been to Ghorman?
38%
1 That Would Be Me
37%
1 Reckoning
33%
2 Harvest
31%
2 I Have Friends Everywhere
31%
2 Who Else Knows?
31%
2 Sagrona Teema
29%
2 What a Festive Evening
27%
2 Messenger
23%
No matching quizzes found
Score Distribution
Percent of People with Each Score
Percentile by Number Answered
Your Score History
You have not taken this quiz